Boundaries and easements (Record no. 107470)

MARC details
000 -LEADER
fixed length control field 01143cam a22002775a 4500
001 - CONTROL NUMBER
control field L140281
008 - FIXED-LENGTH DATA ELEMENTS--GENERAL INFORMATION
fixed length control field 070914s2008 xxkk f 001 0 eng d
020 ## - INTERNATIONAL STANDARD BOOK NUMBER
International Standard Book Number 978021955301
035 ## - SYSTEM CONTROL NUMBER
System control number (Sirsi) u140281
041 0# - LANGUAGE CODE
Language code of text/sound track or separate title eng
050 04 - LIBRARY OF CONGRESS CALL NUMBER
Classification number 346.410432 $2 18
100 1# - MAIN ENTRY--PERSONAL NAME
Personal name Sara, C.
245 00 - TITLE STATEMENT
Title Boundaries and easements
250 ## - EDITION STATEMENT
Edition statement 4th ed.
260 ## - PUBLICATION, DISTRIBUTION, ETC.
Place of publication, distribution, etc. London
Name of publisher, distributor, etc. Sweet & Maxwell
Date of publication, distribution, etc. 2007
300 ## - PHYSICAL DESCRIPTION
Extent liv, 835p.
Dimensions 24cm.
350 ## - PRICE (NR) (BK AM CF MU VM SE) [OBSOLETE]
Price 175
505 2# - FORMATTED CONTENTS NOTE
Formatted contents note Boundaries -- Easements -- Remedies -- Precedents -- Statutes -- Statutory instruments
520 ## - SUMMARY, ETC.
Summary, etc. New edition of this reference work which has been updated and expanded to cover new legislation, including the Commons Act 2006 and the Land Registration Rules 2003, as well as recent case law. The text is divided into four sections dealing with boundaries, easements, remedies and precedents respectively. Includes references to case law, statutes and statutory instruments.
521 2# - TARGET AUDIENCE NOTE
Target audience note Advanced
590 ## - LOCAL NOTE (RLIN)
Local note KA
651 #4 - SUBJECT ADDED ENTRY--GEOGRAPHIC NAME
Geographic name United Kingdom
Chronological subdivision
690 ## - LOCAL SUBJECT ADDED ENTRY--TOPICAL TERM (OCLC, RLIN)
Topical term or geographic name as entry element Boundary disputes
9 (RLIN) 6221
690 ## - LOCAL SUBJECT ADDED ENTRY--TOPICAL TERM (OCLC, RLIN)
Topical term or geographic name as entry element PROPERTY-PROPERTY MANAGEMENT-BOUNDARY DETERMINATION-BOUNDARIES
942 ## - ADDED ENTRY ELEMENTS (KOHA)
Suppress in OPAC 0
Holdings
Withdrawn status Lost status Damaged status Not for loan Home library Current library Shelving location Date acquired Cost, normal purchase price Total Checkouts Full call number Barcode Date last seen Date last checked out Copy number Cost, replacement price Price effective from Koha item type Source of classification or shelving scheme
  Missing     London London Missing 07/02/2008 175.00 13 346.410432 SAR 30072583 06/08/2019 17/02/2010 1 175.00 06/08/2019 Book  
        London London Books 07/02/2008   12 346.410432 SAR 30072618 06/08/2019 15/02/2010 2   06/08/2019 Book Dewey Decimal Classification